000 01238nam a2200337 a 4500
001 000111147
003 CHAP
005 20220329144200.0
008 141209s2014 mx sm |||||||spa d
010 _a107609
011 _a108581
040 _cCHAP
090 _aTesis
100 1 _aSantos Rodriguez, Alberto de los
_9128957
245 1 0 _aFenología y actividad enzimática de defensa en papa(Solanum tuberosum L.)
_h[En línea]
_cpor Alberto de los Santos Rodriguez y Israel María Balderas.
260 _aChapingo, Méx. :
_bEl autor,
_c2014.
500 _aPara ver el contenido del material haga clic en la liga
502 _aTesis (Ing. Agr. Esp. en Fitotecnia ) -- UACH. Departamento de Fitotecnia
590 _aE11695DGD
_b10
_c20141210
_lUCH01
_h0921
590 _aE5765TAJ
_b05
_c20141209
_lUCH01
_h1128
590 _aE5765TAJ
_b05
_c20141209
_lUCH01
_h1129
650 1 4 _aFenología.
_940043
650 1 4 _aFungicidas
_xAplicación.
_9126604
650 1 4 _aFungicidas
_xEfecto en papa.
_9128966
650 1 4 _aTizón tardío de la papa.
_9113451
700 1 _aMaría Balderas, Israel
_9128958
856 _aFinding aid
_uhttp://10.13.5.2/tesis/sist111147.pdf
_zTeclea aquí
901 _aBK
942 _cTESIS
942 _n0
999 _c107609
_d107609